[Event "CRO-chT3W"]
[Site "Croatia"]
[Date "2016.04.10"]
[Round "5.5"]
[White "Saric, Husnija"]
[Black "Grego, Ludvig"]
[Result "0-1"]
[WhiteElo "1840"]
[BlackElo "1929"]
[PlyCount "96"]
[EventDate "2016.03.05"]
[EventType "team-tourn"]
[EventRounds "9"]
[EventCountry "CRO"]
[SourceTitle "CBM 171 Extra"]
[Source "ChessBase"]
[SourceDate "2016.04.26"]
[SourceVersion "1"]
[SourceVersionDate "2016.04.26"]
[SourceQuality "1"]
[WhiteTeam "Labin"]
[BlackTeam "Mali Los¡inj"]
[WhiteTeamCountry "CRO"]
[BlackTeamCountry "CRO"]

1. d4 Nf6 2. e3 d5 3. c4 g6 4. Nd2 Bg7 5. Ngf3 0-0 6. b4 b6 7. Bb2 a5 8. bxa5 bxa5 9. Be2 Na6 10. 0-0 c5 11. dxc5 Nxc5 12. Bd4 Nfe4 13. Rc1 dxc4 14. Bxc4 Nxd2 15. Qxd2 Ne4 16. Qb2 Bxd4 17. Nxd4 Qd6 18. f3 Nf6 19. Rfd1 Qe5 20. Qe2 Bd7 21. f4 Qh5 22. Nf3 Bg4 23. e4 Bxf3 24. gxf3 Qc5+ 25. Kh1 Qa7 26. f5 Kg7 27. f4 Rad8 28. fxg6 hxg6 29. f5 Rh8 30. fxg6 fxg6 31. Rg1 Rh6 32. Qf3 Qb7 33. Rce1 Rd2 34. Rg2 Rxg2 35. Kxg2 Qc6 36. Bd3 Rh4 37. Kg3 Rg4+ 38. Kf2 Qd6 39. e5 Qd4+ 40. Re3 Rf4 41. exf6+ exf6 42. Qxf4 Qxf4+ 43. Ke2 Qxh2+ 44. Kd1 Qxa2 45. Bc2 Qa1+ 46. Kd2 Qd4+ 47. Rd3 Qf4+ 48. Kc3 Qb4# 0-1

[Event "CRO-chT3W"]
[Site "Croatia"]
[Date "2016.04.09"]
[Round "4.5"]
[White "Grego, Ludvig"]
[Black "Ferlin, Anton"]
[Result "1-0"]
[WhiteElo "1929"]
[BlackElo "1767"]
[PlyCount "67"]
[EventDate "2016.03.05"]
[EventType "team-tourn"]
[EventRounds "9"]
[EventCountry "CRO"]
[SourceTitle "CBM 171 Extra"]
[Source "ChessBase"]
[SourceDate "2016.04.26"]
[SourceVersion "1"]
[SourceVersionDate "2016.04.26"]
[SourceQuality "1"]
[WhiteTeam "Mali Los¡inj"]
[BlackTeam "Vodnjan"]
[WhiteTeamCountry "CRO"]
[BlackTeamCountry "CRO"]

1. c4 Nf6 2. Nf3 d5 3. cxd5 Nxd5 4. g3 Bg4 5. Bg2 Bxf3 6. Bxf3 e5 7. Qb3 c6 8. Qxb7 Nb6 9. Bxc6+ Nxc6 10. Qxc6+ Nd7 11. 0-0 Rc8 12. Qe4 Bc5 13. Nc3 0-0 14. d3 f5 15. Qd5+ Kh8 16. Bd2 Qe7 17. Rac1 Nf6 18. Qf3 Nd7 19. Kg2 Qe6 20. Qd5 Qe7 21. Na4 Nb6 22. Nxb6 axb6 23. Be3 Bxe3 24. fxe3 Rc5 25. Rxc5 Qxc5 26. Qxc5 bxc5 27. Rc1 Rc8 28. b4 Kg8 29. Rxc5 Rxc5 30. bxc5 Kf7 31. Kf3 Ke6 32. e4 g6 33. Ke3 Kd7 34. d4 1-0

[Event "CRO-chT2 West"]
[Site "Croatia"]
[Date "2015.10.25"]
[Round "9.5"]
[White "Tomulic, Teo"]
[Black "Grego, Ludvig"]
[Result "1/2-1/2"]
[WhiteElo "2113"]
[BlackElo "1922"]
[PlyCount "78"]
[EventDate "2015.02.21"]
[EventType "team-tourn"]
[EventRounds "9"]
[EventCountry "CRO"]
[SourceTitle "EXT 2017"]
[Source "ChessBase"]
[SourceDate "2016.10.25"]
[SourceVersion "1"]
[SourceVersionDate "2016.10.25"]
[SourceQuality "1"]
[WhiteTeam "Rijeka Junior"]
[BlackTeam "Mali Losinj"]
[WhiteTeamCountry "CRO"]
[BlackTeamCountry "CRO"]

1. d4 Nf6 2. e3 g6 3. Bd3 d5 4. Nd2 Bg7 5. f4 Bg4 6. Ngf3 e6 7. 0-0 0-0 8. Qe1 Nbd7 9. Ne5 Bf5 10. Bxf5 exf5 11. b3 Ne4 12. Nxe4 fxe4 13. Ba3 Re8 14. c4 f6 15. Nxd7 Qxd7 16. cxd5 Qxd5 17. Rc1 c6 18. Qe2 Rac8 19. Rc2 Bf8 20. Bxf8 Rxf8 21. Rfc1 f5 22. Rc5 Qe6 23. Qc4 Rce8 24. b4 Qxc4 25. R1xc4 Re7 26. b5 cxb5 27. Rxb5 Rff7 28. Rbc5 Kg7 29. Kf2 Kf6 30. Ke2 Ke6 31. Kd2 Kd6 32. Kc3 b6 33. Rc8 Rc7 34. Rd8+ Rfd7 35. Rxd7+ Kxd7 36. a4 a6 37. a5 b5 38. Rxc7+ Kxc7 39. Kb3 Kd6 1/2-1/2

[Event "CRO-chT2 West"]
[Site "Croatia"]
[Date "2015.03.22"]
[Round "6.5"]
[White "Krsovnik, Emil"]
[Black "Grego, Ludvig"]
[Result "1/2-1/2"]
[WhiteElo "2071"]
[BlackElo "1922"]
[PlyCount "72"]
[EventDate "2015.02.21"]
[EventType "team-tourn"]
[EventRounds "9"]
[EventCountry "CRO"]
[SourceTitle "EXT 2016"]
[Source "ChessBase"]
[SourceDate "2015.10.08"]
[SourceVersion "1"]
[SourceVersionDate "2015.10.08"]
[SourceQuality "1"]
[WhiteTeam "Rijeka Kvarner"]
[BlackTeam "Mali Losinj"]
[WhiteTeamCountry "CRO"]
[BlackTeamCountry "CRO"]

1. e4 c5 2. Nf3 g6 3. d4 cxd4 4. Nxd4 Bg7 5. Be2 Nc6 6. Nxc6 bxc6 7. c4 Qc7 8. 0-0 Nf6 9. Nc3 0-0 10. Be3 d6 11. f3 Be6 12. Rc1 Rfd8 13. Qe1 Rab8 14. b3 Qa5 15. Nd5 Qxe1 16. Nxf6+ Bxf6 17. Rfxe1 c5 18. f4 Bd7 19. e5 Bg7 20. exd6 exd6 21. Bf3 Re8 22. Bf2 a5 23. Rxe8+ Rxe8 24. Rd1 Bf8 25. Bxc5 dxc5 26. Rxd7 Re7 27. Rd8 Re1+ 28. Kf2 Ra1 29. Bd5 Rxa2+ 30. Kf1 Rb2 31. Rd7 Bh6 32. Rb7 Bxf4 33. Rxf7 Bd2 34. Ke2 Kh8 35. Kd1 Bb4 36. Rf3 Kg7 1/2-1/2

[Event "CRO-chT2 West"]
[Site "Croatia"]
[Date "2014.03.16"]
[Round "2.25"]
[White "Kvaternik, Kresimir"]
[Black "Grego, Ludvig"]
[Result "1/2-1/2"]
[WhiteElo "2029"]
[BlackElo "1924"]
[PlyCount "120"]
[EventDate "2014.03.15"]
[EventType "team-tourn"]
[EventRounds "9"]
[EventCountry "CRO"]
[SourceTitle "EXT 2019"]
[Source "ChessBase"]
[SourceDate "2018.10.10"]
[SourceVersion "1"]
[SourceVersionDate "2018.10.10"]
[SourceQuality "1"]
[WhiteTeam "Delnice"]
[BlackTeam "Mali Losinj"]
[WhiteTeamCountry "CRO"]
[BlackTeamCountry "CRO"]

1. d4 Nf6 2. c4 g6 3. Nc3 d5 4. Nf3 Bg7 5. e3 0-0 6. Bd3 dxc4 7. Bxc4 c5 8. 0-0 Nc6 9. dxc5 Qa5 10. Qc2 Qxc5 11. Ne4 Nxe4 12. Qxe4 Qf5 13. Bd5 Qxe4 14. Bxe4 Na5 15. Nd4 Nc4 16. Bf3 Nd6 17. Rd1 Bf5 18. Nxf5 gxf5 19. Rd3 Rfd8 20. Bd2 Ne4 21. Rxd8+ Rxd8 22. Bb4 Rd7 23. Rd1 Rxd1+ 24. Bxd1 e6 25. f3 Nf6 26. Ba3 Nd5 27. Kf2 Be5 28. g3 Bc7 29. Bb3 Bb6 30. Bxd5 exd5 31. Ke2 Kg7 32. b4 Kf6 33. Bb2+ Ke6 34. a4 a6 35. Kd3 Bc7 36. Bd4 Bd6 37. Bc3 Bc7 38. f4 Bb8 39. Bd4 Bd6 40. Bc5 b6 41. Bxb6 Bxb4 42. Bd8 Bc5 43. Bc7 Kd7 44. Be5 Kc6 45. Bc3 Bb6 46. Bb4 Ba7 47. Bc3 Bc5 48. Ke2 Kd6 49. Kf3 Ke6 50. h3 h5 51. Bd2 Kf6 52. Bc3+ Ke6 53. Bd2 Kf6 54. g4 fxg4+ 55. hxg4 hxg4+ 56. Kxg4 Ke6 57. Kf3 Kf5 58. Bc3 Bb6 59. Bb4 Bc7 60. Bc5 Ba5 1/2-1/2

[Event "CRO-chT2 West"]
[Site "Croatia"]
[Date "2013.10.20"]
[Round "8.45"]
[White "Grego, Ludvig"]
[Black "Trtanj, Zoran"]
[Result "0-1"]
[WhiteElo "1940"]
[BlackElo "2003"]
[PlyCount "74"]
[EventDate "2013.03.16"]
[EventType "team-tourn"]
[EventRounds "9"]
[EventCountry "CRO"]
[SourceTitle "EXT 2019"]
[Source "ChessBase"]
[SourceDate "2018.10.10"]
[SourceVersion "1"]
[SourceVersionDate "2018.10.10"]
[SourceQuality "1"]
[WhiteTeam "Mali Losinj"]
[BlackTeam "Rijeka Maestral"]
[WhiteTeamCountry "CRO"]
[BlackTeamCountry "CRO"]

1. c4 e5 2. Nc3 Nc6 3. g3 Nf6 4. Bg2 Bc5 5. d3 d6 6. Nf3 h6 7. h3 Be6 8. a3 a5 9. Rb1 g5 10. Nd2 d5 11. cxd5 Nxd5 12. 0-0 f5 13. Qb3 Nd4 14. Qd1 Qd7 15. Nc4 Nc6 16. Nxd5 Bxd5 17. Bxd5 Qxd5 18. Qb3 0-0-0 19. Be3 f4 20. Bxc5 Qxc5 21. Kg2 Qd5+ 22. f3 Nd4 23. Qd1 Ne6 24. g4 h5 25. b4 hxg4 26. hxg4 Rh4 27. Rh1 Rxg4+ 28. Kf1 Rg3 29. Rc1 Kb8 30. Nd2 g4 31. Ne4 gxf3 32. Nxg3 fxe2+ 33. Qxe2 fxg3 34. Rg1 Rf8+ 35. Ke1 Rf2 36. Qe4 Qa2 37. Qe3 Nd4 0-1

[Event "CRO-chT2 West"]
[Site "Croatia"]
[Date "2013.10.20"]
[Round "9.35"]
[White "Racki, Barbara"]
[Black "Grego, Ludvig"]
[Result "1/2-1/2"]
[WhiteElo "1930"]
[BlackElo "1940"]
[PlyCount "51"]
[EventDate "2013.03.16"]
[EventType "team-tourn"]
[EventRounds "9"]
[EventCountry "CRO"]
[SourceTitle "EXT 2019"]
[Source "ChessBase"]
[SourceDate "2018.10.10"]
[SourceVersion "1"]
[SourceVersionDate "2018.10.10"]
[SourceQuality "1"]
[WhiteTeam "Ravna Gora Goranka"]
[BlackTeam "Mali Losinj"]
[WhiteTeamCountry "CRO"]
[BlackTeamCountry "CRO"]

1. e4 c5 2. c3 g6 3. d4 cxd4 4. cxd4 d5 5. exd5 Nf6 6. Bb5+ Bd7 7. Bc4 b5 8. Bb3 a5 9. a3 Bg7 10. Nf3 0-0 11. 0-0 Na6 12. Ne5 Nc7 13. Nc3 b4 14. axb4 axb4 15. Rxa8 Qxa8 16. Na2 Bb5 17. Re1 Ncxd5 18. Bd2 Qa5 19. Qf3 Ba4 20. Rc1 Bxb3 21. Qxb3 Ne4 22. Nc6 Nxd2 23. Qxd5 Qxd5 24. Nxe7+ Kh8 25. Nxd5 Nb3 26. Rd1 1/2-1/2

[Event "Primorie-Gorski CupT"]
[Site "Rijeka"]
[Date "2013.05.05"]
[Round "1.2"]
[White "Racki, Barbara"]
[Black "Grego, Ludvig"]
[Result "1/2-1/2"]
[WhiteElo "1945"]
[BlackElo "1938"]
[PlyCount "120"]
[EventDate "2013.05.05"]
[EventType "team-k.o."]
[EventRounds "2"]
[EventCountry "CRO"]
[SourceTitle "EXT 2023"]
[Source "ChessBase"]
[SourceDate "2022.10.05"]
[SourceVersion "1"]
[SourceVersionDate "2022.10.05"]
[SourceQuality "1"]
[WhiteTeam "Ravna Gora Goranka"]
[BlackTeam "Mali Losinj"]
[WhiteTeamCountry "CRO"]
[BlackTeamCountry "CRO"]

1. e4 c5 2. c3 g6 3. d4 cxd4 4. cxd4 d5 5. exd5 Nf6 6. Bc4 Nxd5 7. Qb3 e6 8. Nf3 Bg7 9. Bg5 Qd6 10. Bxd5 exd5 11. Nc3 0-0 12. Qxd5 Qb4 13. Qb5 Nc6 14. 0-0 Bg4 15. Qxb4 Nxb4 16. Be7 Nc2 17. Bxf8 Kxf8 18. Rac1 Nxd4 19. Nxd4 Bxd4 20. h3 Be6 21. b3 Rc8 22. Nb5 Bc5 23. Rfd1 Ke7 24. Nc3 a6 25. Ne4 Ba3 26. Rxc8 Bxc8 27. Nc3 Be6 28. Nd5+ Kf8 29. Nc7 Bf5 30. Rd8+ Ke7 31. Rb8 Kd6 32. Ne8+ Kc6 33. Nf6 h5 34. Nh7 Bc1 35. Rf8 Be6 36. h4 Ba3 37. Rh8 Be7 38. Ng5 Bd5 39. Rh7 Bxg5 40. hxg5 Kd6 41. f4 Ke6 42. Rh8 Kf5 43. g3 Ke4 44. Kf2 Be6 45. Rb8 Bd5 46. Re8+ Kd4 47. Re7 Kc5 48. Ke3 a5 49. Rc7+ Kd6 50. Rc8 a4 51. bxa4 Bxa2 52. Kd4 b6 53. a5 bxa5 54. Ra8 Ke6 55. Rxa5 Bb1 56. Re5+ Kd6 57. Re8 Bc2 58. Re5 Bb1 59. Re8 Bc2 60. Re5 Bb1 1/2-1/2

[Event "CRO-chT2 West"]
[Site "Croatia"]
[Date "2013.04.21"]
[Round "5.15"]
[White "Grego, Ludvig"]
[Black "Kovacevic, Matija"]
[Result "1/2-1/2"]
[WhiteElo "1940"]
[BlackElo "2006"]
[PlyCount "27"]
[EventDate "2013.03.16"]
[EventType "team-tourn"]
[EventRounds "9"]
[EventCountry "CRO"]
[SourceTitle "EXT 2019"]
[Source "ChessBase"]
[SourceDate "2018.10.10"]
[SourceVersion "1"]
[SourceVersionDate "2018.10.10"]
[SourceQuality "1"]
[WhiteTeam "Mali Losinj"]
[BlackTeam "Buje"]
[WhiteTeamCountry "CRO"]
[BlackTeamCountry "CRO"]

1. c4 e5 2. Nc3 Nf6 3. Nf3 Nc6 4. g3 Bc5 5. Bg2 0-0 6. 0-0 d6 7. d3 h6 8. a3 a5 9. e3 Bg4 10. h3 Bf5 11. d4 exd4 12. exd4 Bb6 13. Be3 Re8 14. Qd2 1/2-1/2

[Event "CRO-chT2 West"]
[Site "Rijeka"]
[Date "2012.10.14"]
[Round "8.16"]
[White "Grego, Ludvig"]
[Black "Odak, Bruno"]
[Result "0-1"]
[WhiteElo "1951"]
[BlackElo "1910"]
[PlyCount "40"]
[EventDate "2012.03.17"]
[EventType "team-tourn"]
[EventRounds "9"]
[EventCountry "CRO"]
[SourceTitle "EXT 2013"]
[Source "ChessBase"]
[SourceDate "2012.11.22"]
[SourceVersion "1"]
[SourceVersionDate "2012.11.22"]
[SourceQuality "1"]

1. c4 e5 2. Nc3 Nf6 3. Nf3 Nc6 4. g3 Bb4 5. Nd5 e4 6. Ng5 Nxd5 7. cxd5 Qxg5 8. dxc6 e3 9. fxe3 Qd5 10. cxd7+ Bxd7 11. Rg1 0-0-0 12. Bg2 Qa5 13. Kf2 Be6 14. d3 h5 15. h3 Bd6 16. e4 h4 17. g4 Bg3+ 18. Kf1 Qb6 19. e3 Bc4 20. Bf3 Rxd3 0-1

[Event "CRO-chT2 West"]
[Site "Rijeka"]
[Date "2012.03.18"]
[Round "3.35"]
[White "Nastic, Milorad"]
[Black "Grego, Ludvig"]
[Result "1-0"]
[WhiteElo "1974"]
[BlackElo "1951"]
[PlyCount "149"]
[EventDate "2012.03.17"]
[EventType "team-tourn"]
[EventRounds "9"]
[EventCountry "CRO"]
[SourceTitle "EXT 2013"]
[Source "ChessBase"]
[SourceDate "2012.11.22"]
[SourceVersion "1"]
[SourceVersionDate "2012.11.22"]
[SourceQuality "1"]

1. e4 c5 2. Nf3 g6 3. b3 Bg7 4. e5 d5 5. Bb2 Nc6 6. Bb5 Bd7 7. Bxc6 Bxc6 8. 0-0 e6 9. Re1 Ne7 10. d4 cxd4 11. Nxd4 0-0 12. Ba3 Re8 13. Nd2 Qb6 14. N2f3 Bd7 15. Qd2 Nc6 16. Rac1 Nxd4 17. Nxd4 Rac8 18. h4 Qd8 19. Qf4 f6 20. Bd6 fxe5 21. Bxe5 Qe7 22. Nf3 Qf8 23. Qd4 a6 24. c4 Bh6 25. Ng5 Bc6 26. c5 Bd7 27. Rc3 Qe7 28. Bf6 Bg7 29. Be5 Bxe5 30. Rxe5 h6 31. Nf3 Rf8 32. Qe3 Qg7 33. Nd4 Rce8 34. a4 Qf6 35. g3 Kg7 36. Rc2 h5 37. Re2 Kf7 38. Kg2 Re7 39. Nf3 Rfe8 40. Ng5+ Kg7 41. Qd4 Kg8 42. R2e3 Bc6 43. Rf3 Qg7 44. Qe3 d4 45. Qxd4 Bxf3+ 46. Nxf3 Rd7 47. Qe3 Qf6 48. Ng5 Rde7 49. f4 Rd8 50. Ne4 Qf8 51. Rg5 Rg7 52. Qc3 Qe7 53. Qe5 Rd5 54. Nf6+ Kh8 55. Nxd5 Qxc5 56. Ne3 Qc6+ 57. Kh2 Kh7 58. Ng2 Rd7 59. Qf6 Rg7 60. Re5 Qf3 61. Rxe6 Qxb3 62. Re7 Rxe7 63. Qxe7+ Kg8 64. a5 Qd5 65. Qe8+ Kh7 66. Qe5 Qd2 67. Qc7+ Kg8 68. Qc5 Qd7 69. Qb4 Kf7 70. Ne3 Kg7 71. Qb2+ Kf7 72. Nc4 Qc7 73. Ne5+ Ke6 74. Qb3+ Kd6 75. Qd3+ 1-0

[Event "CRO-chT2 West"]
[Site "Croatia"]
[Date "2011.04.10"]
[Round "5.46"]
[White "Grego, Ludvig"]
[Black "Bonaca, Dario"]
[Result "1/2-1/2"]
[WhiteElo "1954"]
[BlackElo "1913"]
[PlyCount "33"]
[EventDate "2011.03.12"]
[EventType "team-tourn"]
[EventRounds "9"]
[EventCountry "CRO"]
[SourceTitle "EXT 2014"]
[Source "ChessBase"]
[SourceDate "2013.11.20"]
[SourceVersion "1"]
[SourceVersionDate "2013.11.20"]
[SourceQuality "1"]

1. c4 e5 2. Nc3 Nf6 3. Nf3 Nc6 4. g3 Bb4 5. Nd5 d6 6. Bg2 0-0 7. 0-0 Bc5 8. d3 h6 9. h3 Nxd5 10. cxd5 Ne7 11. e4 c6 12. dxc6 Nxc6 13. Qe2 Qb6 14. Be3 Nd4 15. Bxd4 Bxd4 16. Nxd4 Qxd4 17. Rac1 1/2-1/2

[Event "CRO-chT2 West"]
[Site "Croatia"]
[Date "2011.04.10"]
[Round "6.26"]
[White "Mazuran, Marijan"]
[Black "Grego, Ludvig"]
[Result "1/2-1/2"]
[WhiteElo "2185"]
[BlackElo "1954"]
[PlyCount "30"]
[EventDate "2011.03.12"]
[EventType "team-tourn"]
[EventRounds "9"]
[EventCountry "CRO"]
[SourceTitle "EXT 2014"]
[Source "ChessBase"]
[SourceDate "2013.11.20"]
[SourceVersion "1"]
[SourceVersionDate "2013.11.20"]
[SourceQuality "1"]

1. d4 Nf6 2. c4 g6 3. Nc3 d5 4. cxd5 Nxd5 5. e4 Nxc3 6. bxc3 Bg7 7. Rb1 c5 8. Nf3 0-0 9. Be2 b6 10. h3 Bb7 11. e5 cxd4 12. cxd4 Bd5 13. Qa4 Nc6 14. 0-0 a6 15. Be3 b5 1/2-1/2

[Event "CRO-chT2 West"]
[Site "Croatia"]
[Date "2010.04.25"]
[Round "5.13"]
[White "Berke, Ana"]
[Black "Grego, Ludvig"]
[Result "1-0"]
[WhiteElo "2168"]
[BlackElo "1952"]
[PlyCount "61"]
[EventDate "2010.03.27"]
[EventType "team-tourn"]
[EventRounds "9"]
[EventCountry "CRO"]
[SourceTitle "EXT 2012"]
[Source "ChessBase"]
[SourceDate "2011.11.24"]
[SourceVersion "1"]
[SourceVersionDate "2011.11.24"]
[SourceQuality "1"]

1. e4 c5 2. Nf3 g6 3. d4 cxd4 4. Qxd4 Nf6 5. e5 Nc6 6. Qf4 Nd5 7. Qe4 Ndb4 8. Bd3 Bg7 9. 0-0 0-0 10. Nc3 d5 11. Qf4 Nxd3 12. cxd3 f6 13. exf6 Bxf6 14. Qg3 Bf5 15. Bh6 Bg7 16. Bxg7 Kxg7 17. Ne5 Rf6 18. Rfe1 Nd4 19. Rac1 Rc8 20. Qe3 Nc6 21. Nxc6 Rfxc6 22. Qe5+ Kf7 23. d4 Qd6 24. Qe3 a6 25. h3 Be6 26. Qh6 Kg8 27. Re5 Rf8 28. Rce1 Rf6 29. g4 Qd7 30. Qe3 Kf7 31. Nxd5 1-0

[Event "CRO-chT2 West"]
[Site "Croatia"]
[Date "2010.04.25"]
[Round "6.16"]
[White "Trtanj, Zoran"]
[Black "Grego, Ludvig"]
[Result "1/2-1/2"]
[WhiteElo "2016"]
[BlackElo "1952"]
[PlyCount "46"]
[EventDate "2010.03.27"]
[EventType "team-tourn"]
[EventRounds "9"]
[EventCountry "CRO"]
[SourceTitle "EXT 2012"]
[Source "ChessBase"]
[SourceDate "2011.11.24"]
[SourceVersion "1"]
[SourceVersionDate "2011.11.24"]
[SourceQuality "1"]

1. d4 Nf6 2. Nf3 g6 3. c4 Bg7 4. Nc3 d5 5. cxd5 Nxd5 6. e4 Nxc3 7. bxc3 0-0 8. h3 c5 9. Be3 Qa5 10. Qd2 Nc6 11. Bc4 Rd8 12. Rd1 b5 13. Bd5 Bb7 14. 0-0 e6 15. Bxc6 Bxc6 16. e5 Bxf3 17. gxf3 Bxe5 18. Bg5 Rd5 19. c4 Qxd2 20. Rxd2 Rxd4 21. Rxd4 Bxd4 22. cxb5 f6 23. Be3 e5 1/2-1/2

[Event "CRO-chT2 West"]
[Site "Croatia"]
[Date "2010.03.28"]
[Round "3.12"]
[White "Grego, Ludvig"]
[Black "Kirincic, Marko"]
[Result "1/2-1/2"]
[WhiteElo "1952"]
[BlackElo "1871"]
[PlyCount "21"]
[EventDate "2010.03.27"]
[EventType "team-tourn"]
[EventRounds "9"]
[EventCountry "CRO"]
[SourceTitle "EXT 2012"]
[Source "ChessBase"]
[SourceDate "2011.11.24"]
[SourceVersion "1"]
[SourceVersionDate "2011.11.24"]
[SourceQuality "1"]

1. c4 e5 2. Nc3 Nf6 3. Nf3 Nc6 4. g3 Bc5 5. d3 0-0 6. Bg2 h6 7. 0-0 d6 8. a3 a5 9. Rb1 Be6 10. Bd2 Qd7 11. Qc2 1/2-1/2

[Event "CRO-chT2a"]
[Site "Croatia"]
[Date "2009.04.26"]
[Round "5"]
[White "Grego, Ludvig"]
[Black "Dubrovic, Mihovil"]
[Result "1/2-1/2"]
[WhiteElo "1953"]
[BlackElo "1693"]
[PlyCount "39"]
[EventDate "2009.04.04"]
[EventType "team-tourn"]
[EventRounds "9"]
[EventCountry "CRO"]
[SourceTitle "EXT 2010"]
[Source "ChessBase"]
[SourceDate "2010.11.25"]
[SourceVersion "1"]
[SourceVersionDate "2010.11.25"]
[SourceQuality "1"]

1. c4 e5 2. Nc3 Nf6 3. Nf3 d6 4. d4 Nbd7 5. g3 g6 6. Bg2 Bg7 7. dxe5 dxe5 8. 0-0 0-0 9. Qc2 c6 10. b3 Re8 11. h3 Qe7 12. e4 b6 13. Be3 Bb7 14. Rfd1 Rad8 15. Rd2 Nc5 16. Bxc5 Qxc5 17. Rad1 Rxd2 18. Rxd2 Qe7 19. Qd1 Bf8 20. Ne1 1/2-1/2